Arab World Nations - Statistics

General Stats
  • This quiz has been taken 37 times
  • The average score is 16 of 20
Answer Stats
Hint Answer % Correct
Known as the Cradle of Civilization Iraq
88%
Was split up by Spain and France Morocco
88%
In a war with Israel Palestine
88%
Birthplace of Islam Saudi Arabia
88%
Changed its flag recently Syria
88%
Hosted the 2022 World Cup Qatar
85%
Where Dubai is United Arab Emirates
85%
Most of its population is in the north Algeria
82%
Where the pyraminds are Egypt
82%
Almost completely desert Libya
82%
Known for its Pirates Somalia
82%
Used to own the newest nation of the world Sudan
79%
Has golden beaches and sunny weather Tunisia
79%
Where the Land of Frankincense is Oman
76%
Most valuable currency Bahrain
74%
Brimming with historic treasures Jordan
74%
Rich in Iron Mauritania
71%
Center of Islamic learnings Yemen
71%
Only nation in horn of Africa to be owned by the French Djibouti
62%
Most southern nation in Arab World Comoros
44%
No matching quizzes found
Score Distribution
Percent of People with Each Score
Percentile by Number Answered
Your Score History
You have not taken this quiz